000 00741nam a22002297a 4500
003 UA-OsUOA
001 78062
007 ta
008 20110929b un ||||| |||| 00| 0 ukr d
090 _a81'33
_bП75
942 _cBK
040 _aUA-OsUOA
_bukr
_cUA-OsUOA
_dUA-OsUOA
245 _aПрикладна лінгвістика та лінгвістичні технології: MegaLing-2006
_bЗбірник наукових праць
300 _a345 с.
955 _a2
041 _aukr
080 _a81'33
020 _a978-966-507-219-5
260 _aК.
_bДовіра
_c2007
650 7 _a8 Мовознавство. Художня література. Літературознавство
_2UDC
999 _c364369
_d364369